[Шебека] Варваре Игнатьевне о княгине Е. М. Юрьевской. (Копия)

RUSMARC
00005642nac2a22003973x 450
001cc00cdf8-acf9-4fc5-a69e-a368f280019b
00520240819202611.0
100##$a20240716l1888 k y0rusy50 ca
1010#$arus
102##$aRU
105##$ay z |||||
1220#$ad18880323
2001#$a[Шебека] Варваре Игнатьевне о княгине Е. М. Юрьевской. (Копия)
$j23.03.1888
215##$a7 листов
$d34,4 х 24,3
251##$cДело
300##$aЗаголовок дела на папке: Письмо М. Т. Лорис-Меликова к Варваре Игнатьевне [Шебека] о княгине Е. М. Юрьевской
300##$aНа папке дела: 23.II.1888 г.
300##$aЛист: чистый лист: 1 (один) - с водяными знаками
300##$aРукописный текст
324##$aКопия
325##$aЗамикрофильмировано
330##$aВходит в раздел описи: Письма Лорис-Меликова к разным лицам
461#0$1001cda3d175-ae4a-411a-8dea-9cc20fb178f6
$12001
$aЛорис-Меликов Михаил Тариелович, граф, министр внутренних дел, главный начальник "верховной распорядительной комиссии по охранению государственного порядка и общественного спокойствия", генерал от кавалерии
$1251
$cФонд
$1852
$j569
462#0$1001163e060a-d7cc-404d-90ee-e28c9801971b
$12001
$aОпись дел фонда М. Т. Лорис-Меликова за 1858-1915 гг.
$vД. 142
$1251
$cОпись
$1852
$j1
5171#$aПисьмо М. Т. Лорис-Меликова к Варваре Игнатьевне [Шебека] о княгине Е. М. Юрьевской
600#1$aЮрьевская
$bЕ. М.
$cкнягиня
600#1$aЛорис-Меликов
$bМ. Т.
$gМихаил Тариелович
605##$3DITM\AF\0000002775
$aВласть
$lколлекция
$2acquisition_prlib
6101#$aПисьма
686##$a63.3(2)535-332ю1
$cИстория
$2rubbk
686##$a67.400.6ю1
$cПраво
$2rubbk
700#1$aЛорис-Меликов
$bМ. Т.
$gМихаил Тариелович
702#1$aШебека
$bВ. И.
$gВарвара Игнатьевна
$4660
801#0$aRU
$bGA_RF
801#1$aRU
$bГлавНИВЦ
$c20240716
$2rusmarc
801#2$aRU
$bПБ им. Б.Н. Ельцина
$c20240819
$gRCR
$2rusmarc
852##$aГА РФ
$j142
937##$d193624706
$hГАРФ
035##$aRuPRLIB51076499
856##$uhttp://readingroom.main.prlib.ru/item.aspx?id_node=n193624706&mode=full
Формат отображения